000 00347 a2200097 4500
245 0 0 _aDruty telekomunikacyjne ze stali niskowęglowej ocynkowane - PN-70/T-90001 /
_cMin. Przem. Ciężkiego.
246 1 3 _aPN-70/T-90001
246 1 3 _a621.315.1.:669.14-426:621.39
260 _aWarszawa :
_bMin. Przem. Ciężkiego,
_c1970.
300 _a4 stron ;
_c30 cm.
650 _aPolska norma
999 _c19852
_d19852